00378cam a22001097a 4500008004000000082001600040245010200056260002300158300000900181650002100190700005700211180718b1972 xxu||||| |||| 00| 0 eng d aT2x54 N213o aStudy of Selected small industrial unitscby National Council of Applied Economic Research, India aDelhibANCERc1972 a75p. aIndustry - India aIndia. National Council of Applied Economic Research